Nematodos de los vegetales : su ecología y control /
Recopilación de informes sobre la ecología, control y combate de los nematodos, parásitos de las plantas. Los métodos de combate son: rotación de cultivos, fumigación, tratamiento de agua caliente para retoños, anegación temporal de suelos, siembra de variedades resistentes, etc.
Gespeichert in:
| 1. Verfasser: | |
|---|---|
| Format: | Buch |
| Sprache: | Spanisch |
| Veröffentlicht: |
México :
Limusa,
1974, c1974
|
| Schlagworte: | |
| Tags: |
Keine Tags, Fügen Sie das erste Tag hinzu!
|
MARC
| LEADER | 00000nam^a2200000^a^4500 | ||
|---|---|---|---|
| 001 | 000022989 | ||
| 005 | 20250521000000.0 | ||
| 009 | 20260310084517.199 | ||
| 020 | |a 968-18-0297-7 | ||
| 037 | |a Acervo ITESO - Biblioteca | ||
| 041 | |a ESP | ||
| 082 | |a 595. 182 |b CHR | ||
| 100 | |a Christie, Jesse R. |e (autor) | ||
| 245 | 1 | 0 | |a Nematodos de los vegetales : |b su ecología y control / |c J. R. Christie. |
| 264 | 4 | |a México : |b Limusa, |c 1974, c1974 | |
| 300 | |a 275 p. | ||
| 336 | |a texto |b txt |2 rdacontenido | ||
| 337 | |a sin mediación |b n |2 rdamedio | ||
| 338 | |a volumen |b nc |2 rdasoporte | ||
| 500 | |a Traducción de: Plant Nematodes: Their Bionomics and Control | ||
| 520 | |a Recopilación de informes sobre la ecología, control y combate de los nematodos, parásitos de las plantas. Los métodos de combate son: rotación de cultivos, fumigación, tratamiento de agua caliente para retoños, anegación temporal de suelos, siembra de variedades resistentes, etc. | ||
| 649 | |a XX | ||
| 650 | |a Nematodos - |x Tema Principal | ||
| 650 | |a Plantas - |x Enfermedades - |x Tema Principal | ||
| 650 | |a Parásitos | ||
| 650 | |a Ecología Vegetal | ||
| 650 | |a Botánica | ||
| 910 | |a Fondo General | ||
| 920 | |a Impresos - Libros | ||
| 930 | |a Colección General | ||
| 905 | |a 101 | ||
| 901 | |a 0229890100 |b IT1 |c ACC |i 022989 |u 20250521 | ||
| 902 | |a https://opac.biblio.iteso.mx/vufind/Record/000022989 | ||